[Event "Gibraltar Masters 7th"]
[Site "Gibraltar"]
[Date "2009.02.05"]
[Round "10"]
[White "Beltran Medina, Jorge"]
[Black "Perman, Torvald"]
[Result "1-0"]
[WhiteElo "2006"]
[BlackElo "2077"]
[PlyCount "63"]
[EventDate "2009.01.27"]
[EventType "swiss"]
[EventRounds "10"]
[EventCountry "ENG"]
[SourceTitle "CBM 128 Extra"]
[Source "ChessBase"]
[SourceDate "2009.03.05"]
[SourceVersion "2"]
[SourceVersionDate "2009.03.25"]
[SourceQuality "1"]

1. d4 Nf6 2. c4 e6 3. g3 d5 4. Bg2 Bb4+ 5. Nd2 0-0 6. Ngf3 b6 7. 0-0 Bb7 8. Ne5 Nbd7 9. cxd5 exd5 10. Ndc4 c6 11. Qa4 Be7 12. Nxd7 Nxd7 13. Ne3 f5 14. b4 b5 15. Qb3 Nb6 16. Nc2 Bd6 17. Ne1 a5 18. bxa5 Nc4 19. Nd3 Qe7 20. a4 Rxa5 21. Bf4 Bxf4 22. gxf4 Nd2 23. Qc3 Nxf1 24. Qxa5 Nxh2 25. Kxh2 Qxe2 26. Qc3 bxa4 27. Re1 Qh5+ 28. Kg1 Ba6 29. Ne5 Bb5 30. Nxc6 Bc4 31. Ne5 Rc8 32. Bxd5+ 1-0

[Event "Gibraltar Masters 7th"]
[Site "Gibraltar"]
[Date "2009.02.03"]
[Round "8"]
[White "Beltran Medina, Jorge"]
[Black "Fox, Anthony"]
[Result "1-0"]
[WhiteElo "2006"]
[BlackElo "2085"]
[PlyCount "93"]
[EventDate "2009.01.27"]
[EventType "swiss"]
[EventRounds "10"]
[EventCountry "ENG"]
[SourceTitle "CBM 128 Extra"]
[Source "ChessBase"]
[SourceDate "2009.03.05"]
[SourceVersion "2"]
[SourceVersionDate "2009.03.25"]
[SourceQuality "1"]

1. d4 Nf6 2. c4 e6 3. g3 d5 4. Bg2 Be7 5. Nf3 0-0 6. 0-0 Nbd7 7. Qc2 c6 8. b3 b6 9. Rd1 Bb7 10. Nc3 Rc8 11. e4 h6 12. Bf4 Nh5 13. Be3 dxe4 14. Nxe4 f5 15. Nc3 Qe8 16. Qe2 Bb4 17. Bd2 Qf7 18. a3 Bd6 19. Ne5 Bxe5 20. dxe5 g5 21. Nb5 cxb5 22. Bxb7 Rc7 23. Ba6 Nc5 24. Bxb5 Nxb3 25. Bb4 Nc5 26. Bxc5 bxc5 27. Rd6 f4 28. Rad1 Ng7 29. Bd7 f3 30. Qf1 Qf5 31. Qd3 Qxe5 32. Qg6 Qf6 33. Bxe6+ Kh8 34. Rd8 Qxg6 35. Rxf8+ Kh7 36. Bg8+ Kh8 37. Bf7+ Kh7 38. Bxg6+ Kxg6 39. Rxf3 Nf5 40. Rd5 Nd4 41. Rd6+ Kg7 42. Rff6 Rb7 43. Rg6+ Kf7 44. Rxh6 Rb1+ 45. Kg2 g4 46. Rh7+ Ke8 47. Rg6 1-0

[Event "Gibraltar Challengers"]
[Site "Gibraltar"]
[Date "2009.02.01"]
[Round "1"]
[White "Beltran Medina, Jorge"]
[Black "Lovik, Lasse Ostebo"]
[Result "0-1"]
[WhiteElo "2006"]
[BlackElo "2184"]
[PlyCount "86"]
[EventDate "2009.02.01"]
[EventType "swiss"]
[EventRounds "5"]
[EventCountry "ENG"]
[SourceTitle "CBM 128 Extra"]
[Source "ChessBase"]
[SourceDate "2009.03.05"]
[SourceVersion "2"]
[SourceVersionDate "2009.03.25"]
[SourceQuality "1"]

1. d4 d5 2. c4 c6 3. Nf3 Nf6 4. g3 e6 5. Bg2 Nbd7 6. Qc2 Ne4 7. 0-0 Bd6 8. b3 Qe7 9. Bb2 0-0 10. Nbd2 f5 11. e3 b6 12. Ne5 Bxe5 13. dxe5 Ba6 14. Rfd1 Rac8 15. f3 Nxd2 16. Qxd2 Rfd8 17. cxd5 cxd5 18. Rdc1 Nc5 19. Ba3 Qd7 20. Bxc5 bxc5 21. Qa5 Qc6 22. Rc2 Qb6 23. Qxb6 axb6 24. Rac1 Ra8 25. Rd2 Rd7 26. f4 Rda7 27. Rb2 Bd3 28. a4 Kf7 29. Rc3 Be4 30. Bxe4 fxe4 31. h4 Ke7 32. b4 c4 33. a5 bxa5 34. bxa5 Rxa5 35. Rb7+ Kf8 36. h5 h6 37. Kh2 R8a7 38. Rb8+ Kf7 39. Rc1 Rc7 40. Rd8 c3 41. Rb1 c2 42. Rbb8 c1Q 43. Rf8+ Ke7 0-1

[Event "Banyoles op 10th"]
[Site "Banyoles"]
[Date "2007.08.16"]
[Round "1"]
[White "Campos Moreno, Javier B"]
[Black "Beltran Medina, Jorge"]
[Result "1-0"]
[WhiteElo "2446"]
[BlackElo "2103"]
[PlyCount "39"]
[EventDate "2007.08.16"]
[EventType "swiss"]
[EventRounds "9"]
[EventCountry "ESP"]
[SourceTitle "CBM 119 Extra"]
[Source "ChessBase"]
[SourceDate "2007.09.04"]
[SourceVersion "1"]
[SourceVersionDate "2007.09.04"]
[SourceQuality "1"]

1. d4 f5 2. g3 Nf6 3. Bg2 g6 4. Nf3 Bg7 5. 0-0 0-0 6. c4 d6 7. Nc3 c6 8. d5 e5 9. dxe6 Bxe6 10. b3 Na6 11. Bb2 Qe7 12. Ng5 Bd7 13. Qc2 d5 14. cxd5 Nb4 15. Qd2 Nbxd5 16. Nxd5 Nxd5 17. Bxd5+ cxd5 18. Qxd5+ Kh8 19. Bxg7+ Kxg7 20. Qxb7 1-0

[Event "Arximiro Penide Cedeira Memorial"]
[Site "Arteixo"]
[Date "2007.07.29"]
[Round "6"]
[White "Beltran Medina, Jorge"]
[Black "Penalonga Sweers, Angel"]
[Result "0-1"]
[WhiteElo "2103"]
[BlackElo "2043"]
[PlyCount "128"]
[EventDate "2007.07.26"]
[EventType "swiss"]
[EventRounds "9"]
[EventCountry "ESP"]
[SourceTitle "CBM 119 Extra"]
[Source "ChessBase"]
[SourceDate "2007.09.04"]
[SourceVersion "1"]
[SourceVersionDate "2007.09.04"]
[SourceQuality "1"]

1. d4 d5 2. c4 e6 3. Nf3 c5 4. g3 Nc6 5. Bg2 Nf6 6. 0-0 Be7 7. dxc5 Bxc5 8. a3 a5 9. cxd5 exd5 10. Nc3 d4 11. Nb5 h6 12. Bf4 Nd5 13. Nfxd4 Nxd4 14. Bxd5 Nxb5 15. Bxf7+ Kxf7 16. Qb3+ Be6 17. Qxb5 Qb6 18. Qd3 Qb3 19. Qe4 Qd5 20. Qa4 b5 21. Qc2 Qc4 22. Rac1 Rac8 23. Qd2 Qd5 24. Qxd5 Bxd5 25. Rfd1 Be6 26. Kg2 Be7 27. Bc7 a4 28. e4 Bd8 29. Be5 Bb6 30. f4 Rxc1 31. Rxc1 Rc8 32. Rxc8 Bxc8 33. f5 g5 34. g4 Bd8 35. Bd4 Bb7 36. Kf3 Bc7 37. h3 Bf4 38. h4 Bc1 39. hxg5 hxg5 40. Bc3 Bf4 41. Bd4 Ke7 42. Be3 Bxe3 43. Kxe3 Kd6 44. Kd4 Bc6 45. e5+ Ke7 46. Ke3 Bd5 47. Kf2 Kd7 48. Ke3 Kc6 49. Kd4 Bf3 50. f6 Bd5 51. e6 Bxe6 52. Ke5 Kd7 53. f7 Bxf7 54. Kf6 Bc4 55. Kxg5 Kd6 56. Kf4 Kd5 57. Ke3 Ke5 58. g5 Ba2 59. Kd3 Kf5 60. b3 axb3 61. Kc3 Kxg5 62. Kb2 Kf5 63. Kc3 Ke4 64. Kb2 Kd3 0-1

[Event "Mexico City Icaro op"]
[Site "Mexico City"]
[Date "2007.04.28"]
[Round "4"]
[White "Beltran Medina, Jorge"]
[Black "Ferriz Carrasquedo, Alfonso"]
[Result "1-0"]
[WhiteElo "2112"]
[BlackElo "2056"]
[PlyCount "72"]
[EventDate "2007.04.27"]
[EventType "swiss"]
[EventRounds "9"]
[EventCountry "MEX"]
[SourceTitle "CBM 118 Extra"]
[Source "ChessBase"]
[SourceDate "2007.07.04"]
[SourceVersion "1"]
[SourceVersionDate "2007.07.04"]
[SourceQuality "1"]

1. d4 Nf6 2. c4 e6 3. g3 Bb4+ 4. Nd2 c5 5. a3 Bxd2+ 6. Qxd2 cxd4 7. Nf3 Nc6 8. Nxd4 d5 9. Bg2 0-0 10. 0-0 Ne4 11. Bxe4 dxe4 12. Nxc6 bxc6 13. Qxd8 Rxd8 14. Be3 Ba6 15. Rfc1 Rd7 16. Kf1 h6 17. h4 Rad8 18. Ke1 f5 19. b3 Bc8 20. Rd1 Kf7 21. Rxd7+ Rxd7 22. Rd1 a6 23. Rxd7+ Bxd7 24. Bd4 g5 25. hxg5 hxg5 26. Be5 Kg6 27. Kd2 Bc8 28. Kc3 a5 29. Kd4 Ba6 30. Kc5 a4 31. b4 Kf7 32. b5 cxb5 33. cxb5 Bb7 34. Kd6 Bd5 35. b6 e3 36. fxe3 g4 1-0

[Event "Carlos Torre Memorial op 19th"]
[Site "Merida"]
[Date "2006.12.17"]
[Round "6"]
[White "Garcia Martinez, Silvino"]
[Black "Beltran Medina, Jorge"]
[Result "1/2-1/2"]
[WhiteElo "2316"]
[BlackElo "2154"]
[PlyCount "80"]
[EventDate "2006.12.14"]
[EventType "swiss"]
[EventRounds "9"]
[EventCountry "MEX"]
[SourceTitle "CBM 115 Extra"]
[Source "ChessBase"]
[SourceDate "2007.01.10"]
[SourceVersion "1"]
[SourceVersionDate "2007.01.10"]
[SourceQuality "1"]

1. e4 e6 2. d4 d5 3. Nc3 Bb4 4. e5 b6 5. a3 Bf8 6. Nf3 Ne7 7. Bb5+ c6 8. Ba4 Ba6 9. Ne2 Bb5 10. Bxb5 cxb5 11. c3 Nbc6 12. Ng3 g6 13. Bg5 Bg7 14. h4 h5 15. Qd2 Qd7 16. Qf4 0-0-0 17. b4 Rdg8 18. Ne2 Nf5 19. Nd2 Kb7 20. f3 Bh6 21. g4 hxg4 22. fxg4 Bxg5 23. Qxg5 Qe7 24. Qxe7+ Nfxe7 25. 0-0-0 Kc7 26. Rdf1 Nd8 27. Nf3 Kd7 28. Ng5 Rg7 29. Kd2 Ng8 30. Rf4 Ke7 31. Ng3 f6 32. exf6+ Nxf6 33. Ke3 Nb7 34. Kd3 Nd8 35. Nf3 Nd7 36. Re1 Nf7 37. Kc2 Nd6 38. Kb3 Nc4 39. h5 gxh5 40. Nxh5 Rf7 1/2-1/2

[Event "Carlos Torre Memorial op 19th"]
[Site "Merida"]
[Date "2006.12.16"]
[Round "4"]
[White "Fernandez, Daniel"]
[Black "Beltran Medina, Jorge"]
[Result "0-1"]
[WhiteElo "2451"]
[BlackElo "2154"]
[PlyCount "62"]
[EventDate "2006.12.14"]
[EventType "swiss"]
[EventRounds "9"]
[EventCountry "MEX"]
[SourceTitle "CBM 115 Extra"]
[Source "ChessBase"]
[SourceDate "2007.01.10"]
[SourceVersion "1"]
[SourceVersionDate "2007.01.10"]
[SourceQuality "1"]

1. e4 e6 2. d3 b5 3. g3 Bb7 4. Bg2 c5 5. Qe2 Nc6 6. Nf3 Nf6 7. e5 Nd5 8. c4 Nc7 9. 0-0 d5 10. b3 Be7 11. Nc3 a6 12. h4 0-0 13. Bf4 Rb8 14. Nd1 dxc4 15. dxc4 Nd4 16. Nxd4 Bxg2 17. Kxg2 cxd4 18. Nb2 Ba3 19. Nd3 bxc4 20. bxc4 Qd7 21. Qf3 Qa4 22. Bg5 Rfc8 23. Rad1 Ne8 24. Qg4 Qxc4 25. Nf4 Qc6+ 26. Kh2 Rb4 27. Nh5 d3 28. Nf4 Qb5 29. Rfe1 Rc2 30. Kg1 d2 31. Re2 Rb1 0-1

[Event "Calvia op 3rd"]
[Site "Calvia"]
[Date "2006.10.21"]
[Round "2"]
[White "Beltran Medina, Jorge"]
[Black "Eppinger, Georg"]
[Result "0-1"]
[WhiteElo "2154"]
[BlackElo "2277"]
[PlyCount "88"]
[EventDate "2006.10.20"]
[EventType "swiss"]
[EventRounds "9"]
[EventCountry "ESP"]
[SourceTitle "EXT 2007"]
[Source "ChessBase"]
[SourceDate "2006.11.23"]
[SourceVersion "1"]
[SourceVersionDate "2006.11.23"]
[SourceQuality "1"]

1. d4 Nf6 2. c4 c5 3. Nf3 cxd4 4. Nxd4 e5 5. Nb5 d5 6. cxd5 Bb4+ 7. N5c3 0-0 8. Bg5 Qxd5 9. Bxf6 Qxd1+ 10. Kxd1 gxf6 11. g4 Nc6 12. e3 Bxg4+ 13. Kc2 Bf5+ 14. Bd3 Bxd3+ 15. Kxd3 Rfd8+ 16. Ke2 Rac8 17. Nd2 Bxc3 18. bxc3 Na5 19. Rac1 Nc4 20. Rhg1+ Kf8 21. Nxc4 Rxc4 22. Rc2 Rdc8 23. Kd2 R8c5 24. f3 Rd5+ 25. Ke2 a6 26. Rg2 e4 27. fxe4 Rxe4 28. c4 Rde5 29. Rc3 f5 30. Kf3 Rh4 31. Kg3 Ree4 32. h3 Rxc4 33. Rd3 Rhe4 34. Rb2 Rxe3+ 35. Rxe3 f4+ 36. Kf3 fxe3 37. Rxb7 Ra4 38. Kxe3 Rxa2 39. Kf4 Kg7 40. h4 Ra4+ 41. Kg5 h6+ 42. Kh5 Ra5+ 43. Kg4 h5+ 44. Kf4 Kg6 0-1

[Event "MEX-ch op 52nd "]
[Site "Mexico City"]
[Date "2006.04.12"]
[Round "2"]
[White "Leon Hoyos, Manuel"]
[Black "Beltran Medina, Jorge"]
[Result "1-0"]
[WhiteElo "2428"]
[BlackElo "2175"]
[PlyCount "37"]
[EventDate "2006.04.11"]
[EventType "swiss"]
[EventRounds "9"]
[EventCountry "MEX"]
[SourceTitle "EXT 2007"]
[Source "ChessBase"]
[SourceDate "2006.11.23"]
[SourceVersion "1"]
[SourceVersionDate "2006.11.23"]
[SourceQuality "1"]

1. Nf3 f5 2. d3 Nf6 3. c4 d6 4. Nc3 e5 5. g3 g6 6. Bg2 Bg7 7. 0-0 0-0 8. Rb1 h6 9. b4 g5 10. e3 Qe8 11. Nd2 f4 12. Nde4 g4 13. exf4 Nxe4 14. Nxe4 exf4 15. Bxf4 Rxf4 16. gxf4 a6 17. c5 Qf8 18. cxd6 Qxf4 19. f3 1-0

[Event "Moscow Aeroflot op-C"]
[Site "Moscow"]
[Date "2006.02.15"]
[Round "9"]
[White "Beltran Medina, Jorge"]
[Black "Scetinin, Alexander"]
[Result "1/2-1/2"]
[WhiteElo "2175"]
[BlackElo "2238"]
[PlyCount "101"]
[EventDate "2006.02.07"]
[EventType "swiss"]
[EventRounds "9"]
[EventCountry "RUS"]
[SourceTitle "EXT 2007"]
[Source "ChessBase"]
[SourceDate "2006.11.23"]
[SourceVersion "1"]
[SourceVersionDate "2006.11.23"]
[SourceQuality "1"]

1. d4 Nf6 2. c4 c5 3. Nf3 cxd4 4. Nxd4 e5 5. Nb5 d5 6. cxd5 Bc5 7. N5c3 0-0 8. h3 e4 9. g4 b5 10. Bg2 b4 11. Nxe4 Nxe4 12. Bxe4 Qh4 13. e3 f5 14. Bxf5 Bxf5 15. gxf5 Rxf5 16. Rh2 Nd7 17. Qg4 Qf6 18. f4 Re8 19. Re2 h5 20. Qg2 Qh4+ 21. Kd1 Qf6 22. e4 Rxf4 23. Bxf4 Qxf4 24. Nd2 Ne5 25. Kc2 Rc8 26. Rf1 Be3+ 27. Kb1 Qh6 28. Nb3 a5 29. Nxa5 Ra8 30. Nc6 Nxc6 31. dxc6 Qe6 32. b3 Bd4 33. Qg5 Be5 34. Qf5 Qe7 35. Rd2 Qe8 36. Rd5 Bc3 37. Rfd1 g6 38. Qf3 Qxc6 39. Rd8+ Rxd8 40. Rxd8+ Kh7 41. Qd3 Bg7 42. Rd6 Qc5 43. Rd7 Qg1+ 44. Qd1 Qe3 45. Qd3 Qg1+ 46. Kc2 Qg2+ 47. Kd1 Qh1+ 48. Ke2 Qg2+ 49. Kd1 Qg1+ 50. Kc2 Qg2+ 51. Kd1 1/2-1/2

[Event "Moscow Aeroflot op-C"]
[Site "Moscow"]
[Date "2006.02.14"]
[Round "8"]
[White "Gurcan, Selim"]
[Black "Beltran Medina, Jorge"]
[Result "1/2-1/2"]
[WhiteElo "2238"]
[BlackElo "2175"]
[PlyCount "35"]
[EventDate "2006.02.07"]
[EventType "swiss"]
[EventRounds "9"]
[EventCountry "RUS"]
[SourceTitle "EXT 2007"]
[Source "ChessBase"]
[SourceDate "2006.11.23"]
[SourceVersion "1"]
[SourceVersionDate "2006.11.23"]
[SourceQuality "1"]

1. e4 e6 2. d4 d5 3. Nc3 Bb4 4. e5 b6 5. Bd2 Ne7 6. Bb5+ c6 7. Ba4 Ba6 8. Nce2 Bxd2+ 9. Qxd2 Bb5 10. Bb3 c5 11. c3 Nbc6 12. Nf3 Rc8 13. 0-0 cxd4 14. cxd4 Nf5 15. Rfc1 0-0 16. Bc2 Nh4 17. Nxh4 Qxh4 18. Nc3 1/2-1/2

[Event "Moscow Aeroflot op-C"]
[Site "Moscow"]
[Date "2006.02.10"]
[Round "4"]
[White "Beltran Medina, Jorge"]
[Black "Tarasova, Viktoriya"]
[Result "0-1"]
[WhiteElo "2175"]
[BlackElo "2276"]
[PlyCount "90"]
[EventDate "2006.02.07"]
[EventType "swiss"]
[EventRounds "9"]
[EventCountry "RUS"]
[SourceTitle "EXT 2007"]
[Source "ChessBase"]
[SourceDate "2006.11.23"]
[SourceVersion "1"]
[SourceVersionDate "2006.11.23"]
[SourceQuality "1"]

1. d4 g6 2. c4 Nf6 3. Nc3 Bg7 4. e4 d6 5. f3 0-0 6. Be3 b6 7. Bd3 a6 8. Nge2 c5 9. e5 Nfd7 10. exd6 exd6 11. 0-0 Nc6 12. Be4 Bb7 13. Qd2 Nf6 14. Bxc6 Bxc6 15. Bh6 Re8 16. Bxg7 Kxg7 17. Rad1 Qe7 18. Ng3 Qe3+ 19. Qxe3 Rxe3 20. Kf2 Re7 21. d5 Bd7 22. Rfe1 Rxe1 23. Rxe1 h6 24. a4 Rb8 25. Nge4 Ne8 26. b3 Kf8 27. Nd2 f5 28. Ne2 Kf7 29. Nf4 Nc7 30. h4 Kf6 31. Nd3 b5 32. axb5 axb5 33. Ra1 Rb7 34. Re1 Ra7 35. f4 Ra3 36. Re3 Ra2 37. Re2 Kf7 38. g3 Ne8 39. cxb5 Bxb5 40. Nc4 Ra6 41. Ncb2 Nf6 42. Kg1 Nxd5 43. Rd2 Ke6 44. Re2+ Kd7 45. Rd2 Bc6 0-1

[Event "MEX-ch"]
[Site "Guadalajara"]
[Date "2005.??.??"]
[Round "3"]
[White "Fernandez Gonzalez, Juan Carlos"]
[Black "Beltran Medina, Jorge"]
[Result "1-0"]
[WhiteElo "2473"]
[BlackElo "2127"]
[PlyCount "51"]
[EventDate "2005.03.22"]
[EventType "swiss"]
[EventRounds "9"]
[EventCountry "MEX"]
[SourceTitle "EXT 2006"]
[Source "ChessBase"]
[SourceDate "2005.11.24"]
[SourceVersion "1"]
[SourceVersionDate "2005.11.24"]
[SourceQuality "1"]

1. d4 f5 2. Nc3 Nf6 3. Bg5 d5 4. Bxf6 exf6 5. e3 Be6 6. Bd3 Nc6 7. a3 Qd7 8. Qf3 g6 9. Nge2 0-0-0 10. h3 h5 11. 0-0-0 Kb8 12. Kb1 Ne7 13. g4 Bg7 14. gxf5 Bxf5 15. Bxf5 Qxf5 16. Qg3 Qd7 17. Nf4 g5 18. Nd3 b6 19. Qg2 Nf5 20. Nb4 c6 21. e4 Ne7 22. exd5 Nxd5 23. Ncxd5 cxd5 24. c4 Rde8 25. Nxd5 Re2 26. Qg3+ 1-0

[Event "Carlos Torre Memorial op 17th"]
[Site "Merida"]
[Date "2004.12.18"]
[Round "7"]
[White "Beltran Medina, Jorge"]
[Black "Zapata, Alonso"]
[Result "0-1"]
[WhiteElo "2127"]
[BlackElo "2504"]
[PlyCount "98"]
[EventDate "2004.12.13"]
[EventType "swiss"]
[EventRounds "9"]
[EventCountry "MEX"]
[SourceTitle "CBM 103 Extra"]
[Source "ChessBase"]
[SourceDate "2005.01.01"]
[SourceVersion "1"]
[SourceVersionDate "2005.01.01"]
[SourceQuality "1"]

1. d4 Nf6 2. c4 d6 3. Nc3 Nbd7 4. e4 e5 5. d5 a5 6. Bd3 Be7 7. Bc2 0-0 8. Be3 c6 9. f3 Qc7 10. Nge2 Nc5 11. 0-0 Bd7 12. b3 cxd5 13. cxd5 b5 14. Qd2 Rfc8 15. Rfc1 Bd8 16. Nd1 Qb7 17. Rcb1 Bb6 18. Kh1 Rc7 19. Rb2 Rac8 20. Rc1 b4 21. Bd3 Nxd3 22. Rxc7 Rxc7 23. Qxd3 Ne8 24. Bxb6 Qxb6 25. Qe3 Qa6 26. g4 Bb5 27. Ng3 g6 28. h4 Qc8 29. Kg2 Rc1 30. Nf2 Qc3 31. Qd2 Qxd2 32. Rxd2 Nf6 33. h5 Nd7 34. g5 f6 35. hxg6 hxg6 36. gxf6 Nxf6 37. Ng4 Nd7 38. Ne3 Nc5 39. Ng4 Nd3 40. Ne3 Kg7 41. Kh2 Ne1 42. Rf2 Rc3 43. Ngf1 Bxf1 44. Nxf1 Nxf3+ 45. Kg2 Ne1+ 46. Kh2 Nd3 47. Rd2 Nf4 48. Kg1 g5 49. Kf2 g4 0-1

[Event "MEX-ch Nat & Int 48th"]
[Site "Hermosillo"]
[Date "2002.03.30"]
[Round "7"]
[White "Mendoza Lucatero, Rigoberto"]
[Black "Beltran Medina, Jorge"]
[Result "1/2-1/2"]
[WhiteElo "1900"]
[BlackElo "2115"]
[PlyCount "73"]
[EventDate "2002.03.26"]
[EventType "swiss"]
[EventRounds "9"]
[EventCountry "MEX"]
[SourceTitle "EXT 2003"]
[Source "ChessBase"]
[SourceDate "2002.11.25"]
[SourceVersion "1"]
[SourceVersionDate "2002.11.25"]
[SourceQuality "1"]

1. e4 e6 2. d4 d5 3. e5 c5 4. c3 Qb6 5. Nf3 Bd7 6. Be2 cxd4 7. cxd4 Bb5 8. Qb3 Bxe2 9. Qxb6 axb6 10. Kxe2 b5 11. Bg5 b4 12. a3 Nc6 13. Rc1 h6 14. Be3 Nge7 15. Nbd2 Nc8 16. a4 Kd7 17. g4 Be7 18. h4 h5 19. g5 g6 20. Ne1 Bd8 21. Nd3 b6 22. Rc2 Be7 23. Rac1 N8a7 24. Nb3 Rhc8 25. Bd2 Na5 26. Na1 N7c6 27. Be3 b3 28. Rc3 Bb4 29. Nxb4 Nxb4 30. Rxc8 Rxc8 31. Rxc8 Kxc8 32. Bd2 Nc2 33. Bxa5 Nxa1 34. Bxb6 Kb7 35. a5 Nc2 36. Kd2 Ka6 37. Kc3 1/2-1/2

[Event "MEX-ch Nat & Int 48th"]
[Site "Hermosillo"]
[Date "2002.03.27"]
[Round "2"]
[White "Espinosa Flores, Rafael Emilio"]
[Black "Beltran Medina, Jorge"]
[Result "1-0"]
[WhiteElo "2403"]
[BlackElo "2115"]
[PlyCount "50"]
[EventDate "2002.03.26"]
[EventType "swiss"]
[EventRounds "9"]
[EventCountry "MEX"]
[SourceTitle "CBM 087 Extra"]
[Source "ChessBase"]
[SourceDate "2002.05.03"]
[SourceVersion "2"]
[SourceVersionDate "2002.08.09"]
[SourceQuality "1"]

1. e4 e6 2. d4 d5 3. e5 c5 4. c3 Qb6 5. Nf3 Bd7 6. a3 cxd4 7. cxd4 Bb5 8. Qb3 Bxf1 9. Qxb6 axb6 10. Rxf1 Nc6 11. Bd2 b5 12. Nc3 b4 13. Nb5 Kd7 14. a4 h5 15. Ke2 Be7 16. Ne1 Nh6 17. Bxh6 Rxh6 18. Nd3 f5 19. f4 g5 20. fxg5 Bxg5 21. Nc5+ Kc8 22. Nd6+ Kb8 23. Kd3 b6 24. Nb3 Rg6 25. g3 Ra7 1-0